How to lose a guy in 10 days / directed by Donald Petrie ; produced by Lynda Obst, Robert Evans and Christine Peter. (Record no. 21000)

000 -LEADER
fixed length control field 01135nam a22002897a 4500
008 - FIXED-LENGTH DATA ELEMENTS--GENERAL INFORMATION
fixed length control field 250529b xxu||||| |||| 00| 0 eng d
040 ## - CATALOGING SOURCE
Transcribing agency Cagayan State University
082 ## - DEWEY DECIMAL CLASSIFICATION NUMBER
Edition number 791.4372
Classification number H866
245 ## - TITLE STATEMENT
Title How to lose a guy in 10 days / directed by Donald Petrie ; produced by Lynda Obst, Robert Evans and Christine Peter.
260 ## - PUBLICATION, DISTRIBUTION, ETC. (IMPRINT)
Place of publication, distribution, etc United States, Germany :
Name of publisher, distributor, etc Paramount Pictures,
Date of publication, distribution, etc 2003.
300 ## - PHYSICAL DESCRIPTION
Extent 1 videofile, (ca. 116 mins.) :
Other physical details sound, color.
520 ## - SUMMARY, ETC.
Summary, etc Benjamin Barry is an advertising executive and ladies' man who, to win a big campaign, bets that he can make a woman fall in love with him in 10 days.
521 ## - TARGET AUDIENCE NOTE
Target audience note Rated PG-13 for some sex-related material.
546 ## - LANGUAGE NOTE
Language note In English subtitle.
650 ## - SUBJECT ADDED ENTRY--TOPICAL TERM
Topical term or geographic name as entry element Free-Good Romance.
650 ## - SUBJECT ADDED ENTRY--TOPICAL TERM
Topical term or geographic name as entry element Romantic Comedy.
650 ## - SUBJECT ADDED ENTRY--TOPICAL TERM
Topical term or geographic name as entry element Romance.
650 ## - SUBJECT ADDED ENTRY--TOPICAL TERM
Topical term or geographic name as entry element Comedy.
700 ## - ADDED ENTRY--PERSONAL NAME
Personal name Hudson, Kate, star.
700 ## - ADDED ENTRY--PERSONAL NAME
Personal name McConaughey, Matthew, star.
700 ## - ADDED ENTRY--PERSONAL NAME
Personal name Goldberg, Adam, star.
700 ## - ADDED ENTRY--PERSONAL NAME
Personal name Michele, Michael, star.
700 ## - ADDED ENTRY--PERSONAL NAME
Personal name Harlow, Shalom, star.
700 ## - ADDED ENTRY--PERSONAL NAME
Personal name Bailey, John, Cinematograper.
700 ## - ADDED ENTRY--PERSONAL NAME
Personal name Neil-Fisher, Debra, editor.
942 ## - ADDED ENTRY ELEMENTS (KOHA)
Source of classification or shelving scheme
Item type Audio-Visual Materials
Holdings
Source of acquisition Price effective from Permanent location Date last seen Not for loan Date acquired Source of classification or shelving scheme Koha item type Collection code Shelving location Damaged status Lost status Withdrawn status Current location Full call number
Donation2025-05-29Cagayan State University - Carig Library2025-05-29 2025-05-29 Audio-Visual MaterialsElectronic Media CenterElectronic Media Center   Cagayan State University - Carig LibraryH866

Cagayan State University University Library, Carig Campus
Tuguegarao City, Cagayan 3500 | www.csucarig.edu.ph

Powered by Koha